000 00766nam a2200253 a 4500
001 BRL_1762
005 20190320211345.0
008 280715s1970----nyuo######---#000-0#eng-#
020 _a0030840163
041 _aeng
044 _anye
050 4 _aF1221.T9
_b.V64 1970
100 1 _aVogt, Evon Zartman
_d1918-
_923101
245 1 0 _aThe zinacantecos of Mexico
_ba modern maya way of life
_cby Evon Z. Vogt
260 _aNew York
_bHolt, Rinehart and Winston
_c1970
300 _axxi, 113 p.
_bil.
_c23 cm.
440 0 _aCase studies in cultural anthropology
_927810
500 _aAu2018
504 _aBibliografía: p. 110
650 1 4 _aTzotziles
_910531
651 4 _aZinacantán (México)
_xVida social y costumbres
_923104
902 _aGRL
942 _2lcc
_cB
999 _c10570
_d10570